Labor Economics
Gespeichert in:
| 1. Verfasser: | |
|---|---|
| Format: | Buch |
| Sprache: | Englisch |
| Veröffentlicht: |
New York
McGraw-Hill Education
2020
|
| Ausgabe: | 8th Edition |
| Schlagworte: | |
| Tags: |
Keine Tags, Fügen Sie das erste Tag hinzu!
|
MARC
| LEADER | 00000nam a2200000 4500 | ||
|---|---|---|---|
| 001 | 0277184 | ||
| 005 | 20240517110727.9 | ||
| 020 | |a 978-1-260-56552-2 | ||
| 041 | 0 | |a eng | |
| 044 | |a US | ||
| 245 | 1 | 0 | |a Labor Economics |c George J. Borjas |
| 250 | |a 8th Edition | ||
| 264 | 1 | |a New York |b McGraw-Hill Education |c 2020 | |
| 300 | |a 478 s. | ||
| 610 | 2 | 0 | |a ekonomika práce |
| 610 | 2 | 0 | |a trh práce |
| 610 | 2 | 0 | |a ponuka práce |
| 610 | 2 | 0 | |a dopyt po práci |
| 610 | 2 | 0 | |a mzdy |
| 610 | 2 | 0 | |a pohyb síl pracovných |
| 610 | 2 | 0 | |a nezamestnanosť |
| 610 | 2 | 0 | |a modely ekonometrické |
| 100 | 1 | |a Borjas, George J. | |